000 02097nam a2200313 4500
001 0000100124
005 20250626211117.0
008 190730s2025 000 0 eng d
040 _aCO-CtgCURN
_bspa
_ccoctgcurn
041 0 _aspa
082 0 _aENF2025
_bC764
100 1 _aContreras Trespalacios, Liney Melissa.
245 1 0 _aNivel de conocimiento y sobrecarga de cuidadores de pacientes adscritos a un programa de cuidados paliativos en una fundación de Cartagena. 2025 /
_cLiney Melissa Contreras Trespalacios; Lelis Katiusca Ramos Ramírez; Evelsy Rivera Crespo; Loreinis Sánchez Poveda; Director: Diana Carolina Marsiglia López.
260 _aCartagena de Indias :
_bCorporación Universitaria Rafael Núñez,
_c2025.
300 _a158 hojas.
336 _2rdacontent
_atext
_btxt
337 _2rdacarrier
_asin mediacion
_bn
338 _2rdacarrier
_avolumen
_bnc
502 _aTrabajo de grado (Enfermeria). Corporacion Universitaria Rafael Nuñez. Facultad de Ciencias de la salud. Enfermeria, 2025.
520 _a"Los cuidados paliativos desempeñan un papel crucial en la atención de pacientes con enfermedades avanzadas, y su eficacia depende en gran medida del compromiso y preparación de los cuidadores familiares. Estos actores, a menudo no profesionales, enfrentan múltiples desafíos derivados tanto de la exigencia física y emocional del rol como de las limitaciones en sus conocimientos técnicos. Por ello, es esencial evaluar el nivel de conocimiento y la sobrecarga que enfrentan para diseñar estrategias de apoyo adecuadas."
650 0 _aEnfermeria
_vTesis y disertaciones academicas.
700 1 _aRamos Ramírez, Lelis Katiusca.
700 1 _aRivera Crespo, Evelsy.
700 1 _aSánchez Poveda, Loreinis.
700 1 _aMarsiglia López, Diana Carolina,
_edirectora.
856 _uhttps://unicurn.sharepoint.com/:b:/s/biblioteca/EW6Pbr02CDhKgz7hjn1g6u4B7qQz8S9HLiUK155X8WB0Ow?e=Nw3Jrc
_zClick para ver el recurso en texto completo
942 _cTG
_hENF 2025
_iC764
999 _c49058
_d49058